| 000 | 00000nam##2200000za#4500 |
| 001 | 9.644987 |
| 003 | CaOODSP |
| 005 | 20200330132649 |
| 007 | ta |
| 008 | 150407|1991||||xxc||||| f|0| 0 eng|d |
| 020 | |a0-662-18864-0 |
| 040 | |aCaOODSP|beng |
| 043 | |an-cn--- |
| 086 | 1 |aH68-30/1991E |
| 110 | 1 |aCanada.|bHealth and Welfare Canada. |bNational Council of Welfare. |
| 245 | 10|aFunding health and higher education: danger looming : |ba report by the National Council of Welfare |
| 260 | |aOttawa - Ontario : |bHealth and Welfare Canada. |c1991. |
| 300 | |a37p. : |bgraphs, tables ; |c28 cm. |
| 563 | |aSoftcover |
| 775 | 08|tLes dangers qui guettent le financement de la santé et de l'enseignement supérieur : |w(CaOODSP)9.678773 |
| 776 | 0#|tFunding health and higher education : |w(CaOODSP)9.696553 |